000 00730nam a2200229Ia 4500
005 20220615171407.0
008 210716s2000 xx 000 0 und d
020 _a9788120314849
040 _cAIMIT LIBRARY
041 _aeng
082 _a006.4
_21
_bGOSE
100 _aGose, Earl.
_942935
245 _aPattern recognition and image analysis /
_cBy Earl Gose, Richard Johnsonbaugh and Steve Jost.
250 _a1st ed.
260 _aNew Delhi :
_bPrentice Hall of India PVt Ltd ,
_c1997.
300 _aix,484p. ;
_bPB
_c23.5 cm
650 _aPattern Recognition
_942936
650 _aProbability.
_942937
700 _aJohnsonbaugh, Richard.
_942938
700 _aJost, Steve.
_942939
942 _2ddc
_cBK
_e1st
_k006.4 GOSE
999 _c186328
_d186328